| 000 | 01124cam a2200337 a 4500 | ||
|---|---|---|---|
| 001 | 4471 | ||
| 003 | FISKH | ||
| 005 | 20240911143714.0 | ||
| 008 | 100302s2011 cauab j 000 0 eng | ||
| 010 | _a 2010008548 | ||
| 020 | _a9780811864794 (hbk.) | ||
| 020 | _a9780545605465 | ||
| 020 | _a0811864790 (hbk.) | ||
| 035 | _a(OCoLC)ocn550553921 | ||
| 040 |
_aDNAL/DLC _cDLC _dIG# _dVP@ _dYDXCP _dIK2 _dSINLB _dUKMGB _dEHH _dDLC _beng |
||
| 050 | _aQL544.A87 | ||
| 082 | _a595.78 | ||
| 100 | 1 | _aAston, Dianna Hutts. | |
| 245 | 1 | 2 |
_aA butterfly is patient / _cDianna Aston ; [illustrated by] Sylvia Long. |
| 250 | _aFirst Scholastic printing, April 2013 | ||
| 260 |
_aNew York : _bScholastic, _c2011 |
||
| 300 |
_a28 unnumbered pages : _bcolor illustrations ; _c25 cm |
||
| 520 | _aColorful illustrations and simple text describe the many characteristics of butterflies. | ||
| 521 | 1 | _a004-008. | |
| 650 | 0 |
_aButterflies _vJuvenile literature. |
|
| 650 | 1 | _aButterflies. | |
| 700 | 1 |
_aLong, Sylvia, _eillustrator |
|
| 906 |
_a7 _bcbc _corignew _d1 _eecip _f20 _gy-gencatlg |
||
| 942 |
_2ddc _cBK _n0 |
||
| 999 |
_c4471 _d4471 |
||